<?xml version="1.0" encoding="UTF-8"?>
<record
    xmlns:xsi="http://www.w3.org/2001/XMLSchema-instance"
    xsi:schemaLocation="http://www.loc.gov/MARC21/slim http://www.loc.gov/standards/marcxml/schema/MARC21slim.xsd"
    xmlns="http://www.loc.gov/MARC21/slim">

  <leader>01246nam a2200217 i 4500</leader>
  <controlfield tag="001">166475</controlfield>
  <controlfield tag="003">ES-MaACL</controlfield>
  <controlfield tag="005">20230906213337.0</controlfield>
  <controlfield tag="008">011015s1867    sp af        |||| | spa d</controlfield>
  <datafield tag="040" ind1=" " ind2=" ">
    <subfield code="a">CCPB | B </subfield>
    <subfield code="b">spa </subfield>
    <subfield code="c">CCPB | B</subfield>
  </datafield>
  <datafield tag="100" ind1="1" ind2=" ">
    <subfield code="a">Torres, Mart&#xED;n de las.</subfield>
    <subfield code="9">133339</subfield>
  </datafield>
  <datafield tag="245" ind1="1" ind2="3">
    <subfield code="a">El archiduque Maximiliano de Austria en M&#xE9;jico </subfield>
    <subfield code="b">: historia de los acontecimientos ocurridos en el territorio de M&#xE9;jico, desde que los espa&#xF1;oles desembarcaron en Veracruz formando alianza con los franceses e ingleses, hasta la muerte del infortunado Emperador Maximiliano I / </subfield>
    <subfield code="c">por Mart&#xED;n de las Torres.</subfield>
  </datafield>
  <datafield tag="260" ind1=" " ind2=" ">
    <subfield code="a">Madrid : </subfield>
    <subfield code="b">Librer&#xED;a de D.A. de San Mart&#xED;n ; </subfield>
    <subfield code="a">Barcelona : </subfield>
    <subfield code="b">Librer&#xED;a de El Plus Ultra, </subfield>
    <subfield code="c">1867 (</subfield>
    <subfield code="e">Barcelona : </subfield>
    <subfield code="f">imprenta de Luis Tasso)</subfield>
  </datafield>
  <datafield tag="300" ind1=" " ind2=" ">
    <subfield code="a">791 p., [21] h. de l&#xE1;m., [1] mapa pleg. ; </subfield>
    <subfield code="c">24 cm.</subfield>
  </datafield>
  <datafield tag="530" ind1=" " ind2=" ">
    <subfield code="a">Disponible en formato digital.</subfield>
  </datafield>
  <datafield tag="599" ind1=" " ind2=" ">
    <subfield code="a">Las h. de l&#xE1;m.: "Padr&#xF3; y Artigas, Sadurni y Padr&#xF3;, Urrabieta y Carnicero ... "</subfield>
  </datafield>
  <datafield tag="600" ind1="1" ind2="4">
    <subfield code="a">Maximiliano </subfield>
    <subfield code="c">Emperador de M&#xE9;xico.</subfield>
    <subfield code="9">79303</subfield>
  </datafield>
  <datafield tag="651" ind1=" " ind2="4">
    <subfield code="a">M&#xE9;xico-</subfield>
    <subfield code="x">Historia-</subfield>
    <subfield code="y">1861-1867, Intervenci&#xF3;n europea.</subfield>
    <subfield code="9">146885</subfield>
  </datafield>
  <datafield tag="852" ind1=" " ind2=" ">
    <subfield code="a">ES-MaACL</subfield>
    <subfield code="j">F-1263 </subfield>
    <subfield code="z">-- Enc. hol.</subfield>
  </datafield>
  <datafield tag="856" ind1=" " ind2=" ">
    <subfield code="u">http://bdh-rd.bne.es/viewer.vm?id=0000121638&amp;page=1 </subfield>
    <subfield code="z">Biblioteca Digital Hisp&#xE1;nica</subfield>
  </datafield>
  <datafield tag="999" ind1=" " ind2=" ">
    <subfield code="c">166475</subfield>
    <subfield code="d">166475</subfield>
  </datafield>
  <datafield tag="952" ind1=" " ind2=" ">
    <subfield code="0">0</subfield>
    <subfield code="1">0</subfield>
    <subfield code="4">0</subfield>
    <subfield code="7">0</subfield>
    <subfield code="8">Colecci&#xF3;n_digital</subfield>
    <subfield code="a">ATENEOM</subfield>
    <subfield code="b">ATENEOM</subfield>
    <subfield code="c">DEPO2</subfield>
    <subfield code="d">2008-01-17</subfield>
    <subfield code="e">SSC</subfield>
    <subfield code="l">0</subfield>
    <subfield code="o">F-1263</subfield>
    <subfield code="p">1174600</subfield>
    <subfield code="r">2023-02-23 00:00:00</subfield>
    <subfield code="w">2023-02-23</subfield>
    <subfield code="y">MONANT</subfield>
  </datafield>
</record>
